Score 0/10 Timer 01:00
0 Plays Today
% Correct
Bruce Willis
97.8%
Liv Tyler
96.1%
Ben Affleck
95.5%
Billy Bob Thornton
90.9%
Steve Buscemi
89.8%
Michael Clarke Duncan
87.6%
Will Patton
83.8%
William Fichtner
82.1%
Owen Wilson
73.4%
Keith David
72%

Today's Daily Dose

Missing Word
Purple Things

Word Ladder
Bell-Bottoms

Get the Picture
The Beatles Albums

You're not logged in!

Compare scores with friends on all Sporcle quizzes.
OR
Log In

Sporcle TV

Today on Sporcle TV


Watch our educational content, quiz creation guides, and fun videos on Sporcle TV.

Show Comments

Extras

Top Quizzes Today


Score Distribution

Paid Content

Your Account Isn't Verified!

In order to create a playlist on Sporcle, you need to verify the email address you used during registration. Go to your Sporcle Settings to finish the process.

Report this User

Report this user for behavior that violates our Community Guidelines.

Details: